00697nam a22001817a 4500999001900000005001700019010001300036020002700049037003300076082001100109245006900120260004000189270007800229300002400307500001700331942002500348952014200373 c192638d19263820220928141440.0 aB-745721 a9788186561041c6548.00 bSaujanya Publications, Delhi a409.54 aIndian and Persian Prosody and Recitation/ced. Hiroko Nagasaki  aDelhibSaujanya Publications c2012 bDelhia165-E, Kamla Nagar e110007k91-11-23844541mwww.saujanyabooks.com ax,386p.c25cm (hbk) aIndex and CD 2ddccENh409.54mNAG 001040708NFICaLbLd2022-09-28e22.9.22/Giftg6548.00l0o409.54 NAGpB-745721r2022-09-28 00:00:00t1v6548.00w2022-09-28yENzGift